| 000 | 00540nam a22001577a 4500 | ||
|---|---|---|---|
| 003 | OSt | ||
| 005 | 20150908143257.0 | ||
| 008 | 150908b xxu||||| |||| 00| 0 eng d | ||
| 040 | _cRUA | ||
| 082 | _aAGR ជា 1991 B004 Or.1 | ||
| 100 |
_9152 _aជា រីទ្ធី |
||
| 245 | _aសិក្សាអំពីអភិវឌ្ឍន៍សហគមន៍នៅមណ្ឌលអភិវឌ្ឍន៍ កសិកម្ម តាស្អាង | ||
| 260 |
_aPhnom Penh _bRUA _c1991 |
||
| 300 |
_a91p. _bill. _c29cm. |
||
| 942 |
_2ddc _cAGR |
||
| 999 |
_c133 _d133 |
||